000 00663nam a2200253Ia 4500
005 20250425162340.0
008 250425s9999 xx 000 0 und d
020 _a8483223201
041 _aspa
043 _asp
082 _a657.96
100 _aGARCIA ESTEVEZ, PABLO
245 0 _aFUSIONES COMENTADAS: ANALISIS DE LAS FUSIONES MAS IMPORTANTES DE LOS ULTIMOS AÑOS
250 _a1A ED.
260 _aEspaña
_bPRENTICE HALL
_c2005
260 _aMADRID
_bPRENTICE HALL
300 _a351
500 _aPEARSON
650 _aFUSIONES (ECONOMIA)
650 _aFUSIONES Y ADQUISICIONES
710 _aPRENTICE-HALL
942 _c01
010 _a64592
999 _c227403
_d227403